000 01092nam a22002537a 4500
005 20170123164203.0
010 _aA-878522
020 _c175.00
_a8173802831
035 _aA-878522
037 _bCen Lib/Ret
040 _aDPL
_bPN
082 _a750
_bਅਰਸ਼ੀ
100 _aਅਰਸ਼ੀ, ਪੀ.ਔਮ
_973
245 _aਆਧੁਨਿਕ ਚਿਤਰਕਲਾ /
_cਪੀ.ਔਮ ਅਰਸ਼ੀ ; ਅਨੁਵਾਦਕ ਕੁਲਵੰਤ ਸਿੰਘ ਗਰੇਵਾਲ
246 _aAdhunik chitarkala /
_bby P.S. Arshi ; edited by Kulwant Singh Garewal
260 _aਪਟਿਆਲਾ
_bਪਬਲੀਕੇਸ਼ਨ ਬਿਊਰੋ
_c1996
270 _aਪੰਜਾਬੀ ਯੂਨੀਵਰਸਿਟੀ
_bਪਟਿਆਲਾ
_e143006
300 _a113p ;
_c20cm
650 _aTechniques, equipment, materials, forms
_9140211
650 _apaintings
_941188
650 _aਤਕਨੀਕ ਨੂੰ , ਸਾਜ਼ੋ, ਸਮੱਗਰੀ, ਫਾਰਮ
_9140212
650 _aਚਿੱਤਰਕਾਰੀ
_9140213
942 _2ddc
_cPN
_h750
_mਅਰਸ਼ੀ
999 _c111232
_d111232